| 000 | 00613nam a22001937a 4500 | ||
|---|---|---|---|
| 005 | 20150730153030.0 | ||
| 010 | _aENG-113274 | ||
| 020 |
_a9789380633015 _c315.00 |
||
| 035 | _aEN-96806 | ||
| 037 | _bDBAD/PUB | ||
| 082 | _a372.652104 | ||
| 100 | _aMantry, Sudhira | ||
| 245 |
_aTeaching of English : _cby Sudhira Mantry _bbased on revised syllabus / |
||
| 260 |
_aDelhi _bSaad Publications _c2011 |
||
| 270 |
_a526, Vijay Park, Street No. 5 Maujpur _bDelhi _e110053 |
||
| 300 |
_axxii,449p. _c22cm(pbk) |
||
| 500 | _aIncludes bibliographical references | ||
| 942 |
_2ddc _cEN _mMAN _h372.652104 |
||
| 999 |
_c94015 _d94015 |
||